00843nam a2200205Ia 4500952015200000952015200152999001700304003000400321005001700325008004100342020001800383040000900401082002200410100002400432245006400456260003900520300000900559650001900568942005000587 00102ddc40708NFICaMESbMEScMGCd2019-02-20g299.00l3m1o322.420954 CHA/Ip33213r2023-11-13 14:21:55s2023-10-25t1w2019-02-20yBKzGR11R1 00102ddc40708NFICaMESbMEScMGCd2019-02-20g299.00l2m2o322.420954 CHA/Ip33214r2025-11-07 14:14:05s2025-09-26t2w2019-02-20yBKzGR11R1 c21275d21275OSt20210206103845.0190216s9999||||xx |||||||||||||| ||und|| a9780140107814 coclc a322.420954bCHA/I1 aChandra, Bipan9137 0aIndia`s Struggle For Independence /cBipan Chandra & others bPenguin Books,c2001.aNew Delhi : a600p aIndian History cBK2ddch322.420954iCHA/Ik322.420954mCHA/I